Statistiques concernant Plus grandes villes de Tchéquie

Cliquez ici pour prendre le quiz!

Statistiques générales

  • Ce quiz a été pris 90 fois
  • Le résultat moyen est 7 sur 20

Statistiques - réponses

HintRéponse% Correct
1294513Prague
100%
379527Brno
80%
290450Ostrava
63%
170936Plzeň
57%
100494Olomouc
50%
103979Liberec
41%
90335Pardubice
30%
74947Zlín
30%
92917Hradec Králové
27%
93040Ústí nad Labem
27%
93863České Budějovice
26%
50724Jihlava
20%
49563Teplice
19%
57019Opava
17%
68804Kladno
14%
66644Most
14%
56334Frýdek-Místek
13%
72382Havířov
13%
53522Karviná
13%
49226Děčín
11%

Distribution des résultats

Percentile par nombre de réponses

% des personnes avec chaque résultat

Votre développement - résultats

Vous n’avez pas pris ce quiz